Oaxaca, cuna de la codificación iberoamericana
Wedi'i Gadw mewn:
| Prif Awdur: | |
|---|---|
| Fformat: | Llyfr |
| Cyhoeddwyd: |
México D.F., México:
Porrúa,
1974.
|
| Pynciau: | |
| Tagiau: |
Ychwanegu Tag
Dim Tagiau, Byddwch y cyntaf i dagio'r cofnod hwn!
|
MARC
| LEADER | 00000nam a22000007a 4500 | ||
|---|---|---|---|
| 003 | CL-VaPUC | ||
| 005 | 20220822114644.0 | ||
| 008 | 220719t1974 ||||| |||| 00| 0 eng d | ||
| 999 | |c 437235 |d 437233 | ||
| 040 | |c Pontificia Universidad Católica de Valparaíso | ||
| 082 | 7 | |a 340.09727 ORT 1974 |2 22 | |
| 100 | 1 | |a Ortiz-Urquidi, Raúl |e autor |9 873328 | |
| 245 | |a Oaxaca, cuna de la codificación iberoamericana | ||
| 260 | |a México D.F., México: |b Porrúa, |c 1974. | ||
| 300 | |a 385 páginas. | ||
| 500 | |a c.1 Donación Familia Prof. Alejandro Guzmán Brito. | ||
| 583 | |c 20220719 |k Cristina María Rojas Aguilar | ||
| 650 | |a Derecho civil |z México |z Oaxaca |9 873329 | ||
| 942 | |2 ddc |c BK |n 0 | ||
| 952 | |0 0 |1 0 |2 ddc |4 0 |6 340_097270000000000_ORT_1974 |7 0 |8 C_AGB |9 584993 |a BIBDER |b BIBDER |d 2022-07-19 |e Donación |i 5653063 |o 340.09727 ORT 1974 |p 5653063 |r 2023-01-25 |t 1 |w 2022-07-19 |y BK_US |k AGB | ||